Statistiques concernant HP - Gagnants de la Coupe du Monde de Quidditch

Cliquez ici pour prendre le quiz!

Statistiques générales

  • Ce quiz a été pris 20 fois
  • Le résultat moyen est 3 sur 9

Statistiques - réponses

HintRéponse% Correct
1994Irlande
100%
2014Bulgarie
80%
1966Australie
50%
1990Canada
25%
2002Egypte
20%
2006Burkina Faso
0%
1998Malawi
0%
2010Moldavie
0%
1974Syrie
0%

Distribution des résultats

Percentile par nombre de réponses

% des personnes avec chaque résultat

Votre développement - résultats

Vous n’avez pas pris ce quiz